The way things work book of the computer : (Record no. 11790)
[ view plain ]
| 000 -LEADER | |
|---|---|
| fixed length control field | 01240cam a2200289 i 4500 |
| 001 - CONTROL NUMBER | |
| control field | 4569177 |
| 005 - DATE AND TIME OF LATEST TRANSACTION | |
| control field | 19840126000000.0 |
| 008 - FIXED-LENGTH DATA ELEMENTS--GENERAL INFORMATION | |
| fixed length control field | 750103s1974 nyua b 001 0 eng |
| 010 ## - LIBRARY OF CONGRESS CONTROL NUMBER | |
| LC control number | 74011702 |
| 020 ## - INTERNATIONAL STANDARD BOOK NUMBER | |
| International Standard Book Number | 0671219006 : |
| Terms of availability | $8.95 |
| 040 ## - CATALOGING SOURCE | |
| Original cataloging agency | DLC |
| Transcribing agency | DLC |
| Modifying agency | DLC |
| 041 1# - LANGUAGE CODE | |
| Language code of text/sound track or separate title | engger |
| 050 00 - LIBRARY OF CONGRESS CALL NUMBER | |
| Classification number | Q310 |
| Item number | .V36 1974 |
| 082 00 - DEWEY DECIMAL CLASSIFICATION NUMBER | |
| Classification number | 001.53 |
| Edition number | 22 |
| Item number | COM |
| 245 14 - TITLE STATEMENT | |
| Title | The way things work book of the computer : |
| Remainder of title | an illustrated encyclopedia of information science, cybernetics, and data processing / |
| Statement of responsibility, etc | [translation and adaptation by C. van Amerongen]. |
| 260 ## - PUBLICATION, DISTRIBUTION, ETC. (IMPRINT) | |
| Place of publication, distribution, etc | New York : |
| Name of publisher, distributor, etc | Simon and Schuster, |
| Date of publication, distribution, etc | 1974 |
| 300 ## - PHYSICAL DESCRIPTION | |
| Extent | viii, 245 p. : |
| Other physical details | col. ill. ; |
| Dimensions | 22 cm. |
| 500 ## - GENERAL NOTE | |
| General note | Includes index. |
| 504 ## - BIBLIOGRAPHY, ETC. NOTE | |
| Bibliography, etc | Translation and adaptation of Wie funktioniert das? Information, issued by the Bibliographisches Institut A.G., Mannheim. |
| 650 #0 - SUBJECT ADDED ENTRY--TOPICAL TERM | |
| Topical term or geographic name as entry element | Cybernetics. |
| 9 (RLIN) | 6006 |
| 650 #0 - SUBJECT ADDED ENTRY--TOPICAL TERM | |
| Topical term or geographic name as entry element | Information theory. |
| 9 (RLIN) | 6007 |
| 650 #0 - SUBJECT ADDED ENTRY--TOPICAL TERM | |
| Topical term or geographic name as entry element | Computers. |
| 9 (RLIN) | 6008 |
| 710 2# - ADDED ENTRY--CORPORATE NAME | |
| Corporate name or jurisdiction name as entry element | Bibliographisches Institut (Mannheim, Germany). |
| Title of a work | Wie funktioniert das? Information. |
| 9 (RLIN) | 6009 |
| 740 ## - ADDED ENTRY--UNCONTROLLED RELATED/ANALYTICAL TITLE | |
| Uncontrolled related/analytical title | Book of the computer. |
| 942 ## - ADDED ENTRY ELEMENTS (KOHA) | |
| Source of classification or shelving scheme | Dewey Decimal Classification |
| Item type | Book - Borrowing |
| Withdrawn status | Item status | Source of classification or shelving scheme | Damaged status | Not for loan | Vendor | Home library | Current library | Shelving location | Date acquired | Source of acquisition | Cost, normal purchase price | Total Checkouts | Total Renewals | Full call number | Barcode | Date last seen | Date last borrowed | Koha item type |
|---|---|---|---|---|---|---|---|---|---|---|---|---|---|---|---|---|---|---|
| Dewey Decimal Classification | Alef-Baa | Central Library | Central Library | Lower Floor | 10/06/2009 | 150.00 | 1 | 2 | 001.53 COM | 000016788 | 15/07/2025 | 06/03/2019 | Book - Borrowing |